Financial Management/ (Record no. 200688)

MARC details
000 -LEADER
fixed length control field 00613nam a22001937a 4500
005 - DATE AND TIME OF LATEST TRANSACTION
control field 20240212153550.0
010 ## - LCCN (DPL NO)
LC control number ENG-139213
020 ## - INTERNATIONAL STANDARD BOOK NUMBER
Terms of availability 899.00
International Standard Book Number 9789390577255
035 ## - SYSTEM CONTROL NUMBER
System control number EN-122745
037 ## - SOURCE OF ACQUISITION
Source of stock number/acquisition DBAD/PUB
082 ## - DEWEY DECIMAL CLASSIFICATION NUMBER
Classification number 657.48
100 ## - MAIN ENTRY--PERSONAL NAME
Personal name Pandey ,I.M
245 ## - TITLE STATEMENT
Title Financial Management/
Statement of responsibility, etc I.M. Pandey
250 ## - EDITION STATEMENT
Edition statement Twelfth Edition
260 ## - PUBLICATION, DISTRIBUTION, ETC. (IMPRINT)
Place of publication, distribution, etc Uttar Pradesh
Name of publisher, distributor, etc Pearson india Education Services Pvt.Ltd
Date of publication, distribution, etc 2022
270 ## - ADDRESS
Address 15th floor ,Tower -B,World Trade Tower ,PlotNo.1 ,Block C ,SEctor 16
City Noida
Postal code 201301
300 ## - PHYSICAL DESCRIPTION
Extent 1030p.
Dimensions 25cm(pb)
942 ## - ADDED ENTRY ELEMENTS (KOHA)
Source of classification or shelving scheme Dewey Decimal Classification
Item type English Books
Call number suffix PAN
Classification part 657.48
Holdings
Withdrawn status Lost status Not for loan Collection code Home library Current library Date acquired Source of acquisition Cost, normal purchase price Full call number Barcode Copy number Cost, replacement price Koha item type
      Non-fiction Bawana Bawana 12/02/2024 DBAD/PUB 899.00 PAN 657.48 EN-122745 1 899.00 English Books

© Delhi Public Library
Hit Counter
free hit counter